书目信息 |
| 题名: |
经纪人致胜88法
|
|
| 作者: | 何平 编著 | |
| 分册: | ||
| 出版信息: | 南昌 江西科学技术出版社 1993.09 |
|
| 页数: | 306页 | |
| 开本: | 32开 | |
| 丛书名: | ||
| 单 册: | ||
| 中图分类: | F713.6 | |
| 科图分类: | ||
| 主题词: | 商业经济--国内 | |
| 电子资源: | ||
| ISBN: | 7-5390-0682-X | |
| 000 | 00552nam0 2200193 45 | |
| 001 | 0008070959 | |
| 005 | 20000807094042.2 | |
| 010 | @a7-5390-0682-X@d6.00元 | |
| 100 | @a20000807d1993 km y0chiy0120 ea | |
| 101 | 0 | @achi |
| 105 | @a z 000yy | |
| 200 | 1 | @a经纪人致胜88法@AJing Ji Ren Zhi Sheng 88 Fa@f何平编著@FHe Ping Bian Zhu |
| 210 | @a南昌@c江西科学技术出版社@d1993.09 | |
| 215 | @a306页@d32开 | |
| 606 | 0 | @a商业经济@x国内 |
| 690 | @aF713.6@v3 | |
| 701 | 0 | @a何平@4编著 |
| 801 | @aCN@bPftUser@c20000807 | |
| 905 | @b90850-859@dF713.6@eH.535@f10 | |
| 经纪人致胜88法/何平编著.-南昌:江西科学技术出版社,1993.09 |
| 306页;32开 |
| ISBN 7-5390-0682-X:6.00元 |
| ● |
| 相关链接 |
|
|
|
正题名:经纪人致胜88法
索取号:F713.6/H.535
 
预约/预借
| 序号 | 登录号 | 条形码 | 馆藏地/架位号 | 状态 | 备注 |
| 1 | 90850 | 200908508 | 社科库409/409社科库 44排4列3层/ [索取号:F713.6/H.535] | 在馆 | |
| 2 | 90851 | 200908517 | 社科库409/422社科库 36排3列4层/ [索取号:F713.6/H.535] | 在馆 | |
| 3 | 90852 | 200908526 | 社科库409/409社科库 44排4列3层/ [索取号:F713.6/H.535] | 在馆 | |
| 4 | 90853 | 200908535 | 社科库409/409社科库 44排4列3层/ [索取号:F713.6/H.535] | 在馆 | |
| 5 | 90854 | 200908544 | 社科库409/422社科库 36排3列4层/ [索取号:F713.6/H.535] | 在馆 | |
| 6 | 90855 | 200908553 | 社科库409/422社科库 36排3列4层/ [索取号:F713.6/H.535] | 在馆 | |
| 7 | 90856 | 200908562 | 社科库409/409社科库 44排4列3层/ [索取号:F713.6/H.535] | 在馆 | |
| 8 | 90857 | 200908571 | 社科库409/422社科库 36排3列4层/ [索取号:F713.6/H.535] | 在馆 | |
| 9 | 90858 | 200908580 | 社科库409/422社科库 36排3列4层/ [索取号:F713.6/H.535] | 在馆 | |
| 10 | 90859 | 200908599 | 社科库409/422社科库 36排3列4层/ [索取号:F713.6/H.535] | 在馆 |